Managemant of exploitation rubber tree at chup rubber plantation, ការគ្រប់គ្រងលើការងារអាជីវកម្មដំណាំកៅស៊ូនៅចំការកៅស៊ូជុប (Record no. 2862)
[ view plain ]
| 000 -LEADER | |
|---|---|
| fixed length control field | 00590nam a22001577a 4500 |
| 003 - CONTROL NUMBER IDENTIFIER | |
| control field | OSt |
| 005 - DATE AND TIME OF LATEST TRANSACTION | |
| control field | 20151030151121.0 |
| 008 - FIXED-LENGTH DATA ELEMENTS--GENERAL INFORMATION | |
| fixed length control field | 151030b xxu||||| |||| 00| 0 eng d |
| 040 ## - CATALOGING SOURCE | |
| Transcribing agency | RUA |
| 082 ## - DEWEY DECIMAL CLASSIFICATION NUMBER | |
| Classification number | ATM.s KEM 2004 B057 O.r |
| 100 ## - MAIN ENTRY--PERSONAL NAME | |
| 9 (RLIN) | 3070 |
| Personal name | KEM. VANDY. |
| 245 ## - TITLE STATEMENT | |
| Title | Managemant of exploitation rubber tree at chup rubber plantation, ការគ្រប់គ្រងលើការងារអាជីវកម្មដំណាំកៅស៊ូនៅចំការកៅស៊ូជុប |
| 260 ## - PUBLICATION, DISTRIBUTION, ETC. (IMPRINT) | |
| Place of publication, distribution, etc. | Phnom Penh |
| Name of publisher, distributor, etc. | RUA |
| Date of publication, distribution, etc. | 2004 |
| 300 ## - PHYSICAL DESCRIPTION | |
| Extent | 67p. |
| Other physical details | ill. |
| Dimensions | 29cm. |
| 942 ## - ADDED ENTRY ELEMENTS (KOHA) | |
| Source of classification or shelving scheme | |
| Koha item type | ATM.s |
| Price effective from | Date last seen | Permanent Location | Not for loan | Date acquired | Source of classification or shelving scheme | Koha item type | Lost status | Withdrawn status | Date last checked out | Total Checkouts | Shelving location | Damaged status | Barcode | Current Location | Full call number |
|---|---|---|---|---|---|---|---|---|---|---|---|---|---|---|---|
| 2015-10-30 | 2015-10-30 | Library Block B | 2015-10-30 | ATM.s | B057 | RUA004312 | Library Block B | ATM.s KEM 2004 B057 Or.1 | |||||||
| 2015-10-30 | 2015-10-30 | Library Block B | 2015-10-30 | ATM.s | B057 | RUA004240 | Library Block B | ATM.s KEM 2004 B057 Or.2 | |||||||
| 2015-10-30 | 2016-07-12 | Library Block B | 2015-10-30 | ATM.s | 2016-07-12 | 1 | B057 | RUA004165 | Library Block B | ATM.s KEM 2004 B057 Or.3 | |||||
| 2015-10-30 | 2015-10-30 | Library Block B | 2015-10-30 | ATM.s | B057 | RUA005135 | Library Block B | ATM.s KEM 2004 B057 Or.4 | |||||||
| 2015-10-30 | 2018-11-02 | Library Block B | 2015-10-30 | ATM.s | 2018-10-26 | 1 | B057 | RUA004093 | Library Block B | ATM.s KEM 2004 B057 Or.5 |